| 000 | 00666nam a2200229Ia 4500 | ||
|---|---|---|---|
| 001 | 3091 | ||
| 003 | GE_BSU | ||
| 008 | 181216s||||||||xx |||||||||||||| ||und|| | ||
| 020 | _a5858730167 | ||
| 040 | _cGE_BSU | ||
| 080 | _a339.543(031) | ||
| 100 | _aЧмелъ, Г.Н. | ||
| 245 | _aМалая таможенная энциклопедия | ||
| 245 | _cпод. ред. В.Г. Драганова | ||
| 260 | _aМосква | ||
| 260 | _bАОЗТ "Центр экономики и маркетинга | ||
| 260 | _c1997 | ||
| 300 | _a280 с. 20 см. | ||
| 541 | _h7 л. | ||
| 653 | _aМалая таможенная энциклопедия | ||
| 942 | _cBK | ||
| 999 |
_c37135 _d37135 |
||